[Event "John hamer"]
[Site "SchemingMind.com"]
[Date "2016.06.29"]
[Round "-"]
[White "emvarela"]
[Black "Holty"]
[Result "1/2-1/2"]
[WhiteCountry "ARG"]
[BlackCountry "ENG"]
[WhiteElo "1695"]
[WhiteRD "48"]
[BlackElo "1768"]
[BlackRD "61"]
[GameID "400825"]

1. e4 e6 2. d4 d5 3. Nc3 Nf6 4. Bg5 Be7 5. e5 Nfd7 6. Bxe7 Qxe7 7. f4 O-O 8. Nf3 c5 9. dxc5 Qxc5 10. Qd4 Nc6
11. Qxc5 Nxc5 12. O-O-O a6 13. Be2 b5 14. a3 b4 15. Na2 bxa3 16. bxa3 Rb8 17. Bd3 Nxd3+ 18. Rxd3 a5 19. Rb3 Ba6 20. Rd1 Bc4
21. Rxb8 Rxb8 22. Nc3 Bb5 23. Nxb5 Rxb5 24. Nd4 Nxd4 25. Rxd4 Rc5 26. Kd2 Rb5 27. a4 Rb1 28. g3 Rh1 29. h4 Rg1 30. Rd3 Rb1=
1/2-1/2

[Event "John hamer"]
[Site "SchemingMind.com"]
[Date "2016.08.05"]
[Round "-"]
[White "emvarela"]
[Black "frankly"]
[Result "0-1"]
[WhiteCountry "ARG"]
[BlackCountry "ENG"]
[WhiteElo "1712"]
[WhiteRD "48"]
[BlackElo "2475"]
[BlackRD "61"]
[GameID "402087"]

1. e4 c5 2. Nf3 Nc6 3. d4 cxd4 4. Nxd4 Nf6 5. Nc3 e5 6. Nb3 Bb4 7. Bd3 d5 8. exd5 Nxd5 9. Bd2 Nxc3 10. Bxc3 Bxc3+
11. bxc3 Qe7 12. Qe2 Be6 13. Bb5 f6 14. O-O O-O 15. Bxc6 bxc6 16. Rfe1 Qf7 17. f4 a5 18. fxe5 fxe5 19. Qxe5 Qf2+ 20. Kh1 Bd5
21. Qg3 Rf3 22. Qxf2 Rxf2 23. Rg1 a4 24. Nd4 a3 25. Nf3 Rxc2
0-1

[Event "John hamer"]
[Site "SchemingMind.com"]
[Date "2016.08.05"]
[Round "-"]
[White "frankly"]
[Black "emvarela"]
[Result "1-0"]
[WhiteCountry "ENG"]
[BlackCountry "ARG"]
[WhiteElo "2475"]
[WhiteRD "61"]
[BlackElo "1712"]
[BlackRD "48"]
[GameID "402088"]

1. e4 e5 2. Nf3 Nc6 3. Bb5 a6 4. Ba4 Nf6 5. O-O Be7 6. Re1 b5 7. Bb3 O-O 8. a4 Bb7 9. d3 d6 10. Nbd2 h6
11. Nf1 Na5 12. Ba2 bxa4 13. Nh4 Nh7 14. Ng6 Re8 15. Qh5 Bg5 16. Bxf7+ Kxf7 17. Nxe5+
1-0